Selection of regional flags in Europe - Statistics

General Stats
  • This quiz has been taken 385 times
    311 since last reset
  • The average score is 29 of 72
Answer Stats
Picture Answer % Correct
Wales (country) - UK
98%
Scotland (country) - UK
95%
Greenland - Denmark
90%
England (country) - UK
89%
Catalonia - Spain
87%
Corsica - France
83%
Bavaria - Germany
82%
Isle of Man (crown dependency) - UK
82%
Basque Country - Spain
81%
Sardinia - Italy
80%
Sicily - Italy
79%
Brittany - France
78%
Faroe Islands - Denmark
78%
Flanders - Belgium
75%
Gibraltar (British overseas territory) - UK
74%
Åland - Finland
72%
Wallonia - Belgium
62%
Veneto - Italy
61%
Berlin - Germany
60%
Friesland - Netherlands
57%
Castile and León - Spain
55%
Cornwall - UK (England)
54%
Amsterdam (city) - Netherlands
49%
Galicia - Spain
47%
Canary Islands - Spain
44%
Lombardy - Italy
44%
Andalusia - Spain
43%
Crimea (autonomous republic) - Ukraine (annexed by Russia)
43%
Aragon - Spain
42%
Moscow (city) - Russia
42%
Navarre - Spain
38%
Normandy - France
38%
Ulster - Ireland
38%
Balearic Islands - Spain
36%
Valencian community - Spain
36%
Asturias - Spain
35%
Chechnya (republic) - Russia
34%
Madeira - Portugal
33%
Occitania - France
33%
Piedmont - Italy
30%
Madrid (community) - Spain
29%
Shetland - UK (Scotland)
29%
Kaliningrad Oblast - Russia
27%
Leinster - Ireland
27%
Brussels (region) - Belgium
25%
Alsace (former region) - France
23%
Bourgogne-Franche-Comté - France
23%
Kalmykia (republic) - Russia
23%
Tuscany - Italy
23%
Brandenburg - Germany
22%
Saint Petersburg (city) - Russia
22%
Ingushetia (republic) - Russia
21%
Karelia (republic) - Russia
21%
Chuvashia (republic) - Russia
20%
Scania - Sweden
19%
Lorraine (former region) - France
18%
Adygea (republic) - Russia
17%
Campania - Italy
17%
Liguria - Italy
17%
Zeeland - Netherlands
17%
Munster - Ireland
15%
Provence-Alpes-Côte d'Azur - France
15%
Moscow Oblast - Russia
14%
Gotland - Sweden
13%
Gelderland - Netherlands
12%
Isle of Wight - UK (England)
12%
North Brabant - Netherlands
11%
South Holland - Netherlands
10%
Aquitaine (former region) - France
9%
North Holland - Netherlands
8%
Carinthia - Austria
6%
Styria - Austria
6%
No matching quizzes found
Score Distribution
Percent of People with Each Score
Percentile by Number Answered
Your Score History
You have not taken this quiz since the last reset